Buck Ryan (Registo nº 1763)

Detalhes MARC
000 -Etiqueta do registo
Cabeçalho 00737nam a22002651 4500
005 - Identificador da versão
Campo de controlo 20240813121915.0
021 ## - Número do Depósito Legal
Código do país PT
Número 20473/88
100 ## - Dados gerais de processamento
Dados gerais de processamento 20070504d1988 a y0pory5003 ba
102 ## - Pais de publicação ou produção
País de publicação Portugal
101 1# - Língua de publicação
Língua do texto, banda sonora, etc. Português
Língua do documento no original Inglês
106 ## - Campo de dados codificados: material textual
Dados codificados do material textual r
105 ## - Campo de dados codificados: livros
Dados codificados dos livros a t 000zy
215 ## - Descrição física 
Indicação específica da natureza do documento e extensão da espécie 36 p.
Outras indicações físicas todo il.
Dimensões 29 cm
200 1# - Titulo e menção de responsabilidade
Título próprio Buck Ryan
Primeira menção de responsabilidade Jack Monk
Outras menções de responsabilidade trad. Jorge Magalhães
225 2# - Colecção 
Título próprio da colecção Antologia da BD clássica
Indicação de volume 21
210 ## - Publicação, Distribuição, etc. 
Lugar da edição, distribuição, etc. Lisboa
Nome do editor, distribuidor, etc. Futura
Data da publicação, distribuição, etc. cop. 1988
606 ## - Nome comum usado como assunto
Número de registo de entrada de autoridade 0000255
Palavra de ordem Literatura estrangeira juvenil
Subdivisão de assunto Banda desenhada
675 ## - Classificação Decimal Universal (CDU)
Notação 82-9
Edição
Língua da edição por
702 #1 - Nome de autor-pessoa física (responsabilidade secundária)
Número de registo de entrada de autoridade 0000257
Palavra de ordem Magalhães
Outra parte do nome não tomada para palavra de ordem Jorge
Código de função Ilustrador / Técnico de desenho computorizado
700 #1 - Nome de autor-pessoa física (responsabilidade principal)
Número de registo de entrada de autoridade 0000259
Palavra de ordem Monk
Outra parte do nome não tomada para palavra de ordem Jack
942 ## - Elementos de entrada adicionados (Koha)
Tipo de item no Koha Livro
Exemplares
Situação do levantamento Origin of item (home branch) (coded) Biblioteca de empréstimo Código de barras Cota Circulation type (not for loan) Tipo de documento Nota do exemplar Damaged status
  Biblioteca Escolar da Coca Maravilhas Biblioteca Escolar da Coca Maravilhas BECM71/90 8BD MON   Livro Sem mensagem